000 01027nam a2200241Ia 4500
999 _c39969
_d39969
001 6575
003 GE_BSU
005 20191018114206.0
008 181216s1981||||ge |||||||||||||| ||ge ||
040 _cGE_BSU
041 _ageo
080 _a821.353.1-31 ბ-65
100 _aბიბილური, თამაზ
_94829
245 _aმთვარის შვილი :
_bრომანი და მოთხრობები /
_cთამაზ ბიბილური ; რედ. ირ. არაბული ; მხატვ. კ. ფაჩულია.
264 _aთბილისი :
_bსაბჭ.საქართველო ;
_c1981.
300 _a531 გვ. ;
_c20 სმ.
653 _aმთვარის შვილი
653 _aრომანები
653 _aმოთხრობები
700 _aარაბული, ირ.
_eრედაქტორი
_94830
700 _aფაჩულია, კ.
_eმხატვარი
_94831
942 _cBK
_2udc